• 首页
  • 本馆介绍
  • 公告通知
  • 最新文献
  • 馆藏检索
  • 电子资源
  • 读者导购
  • 参考咨询
  • 我的图书馆
  • 登录
  • 详细信息显示
  • 放入我的书架
  • 预约/预借图书
  • 作者相关作品
  • 分类相关作品
  • 丛书相关作品
  • 出版社相关作品

书目信息

  • 表格格式
  • 工作单格式
  • 卡片格式
题名:
义和团运动
    
 
作者: 顾廷龙 , 汪熙 , 陈旭麓 主编 ;季平子 编
分册:  
出版信息: 上海   上海人民出版社  2001
页数: 689页, [6]页图版
开本: 21cm
丛书名: 盛宣怀档案资料选辑
单 册:
中图分类: K256.706.3
科图分类:
主题词: 义和团运动--档案资料--汇编
电子资源:
ISBN: 7-208-03814-7
000 01112nam0 2200301 450
000 01141nam0 2200313 450
000 01068nam0 2200289 450
000 01031nam 2200277 45
005 20070529161525.56
010    @a7-208-03814-7@b精装@dCNY49.20
100    @a20051110d2001 ekmy0chiy0120 ea
101 0  @achi
102    @aCN@b310000
105    @afh z 000yy
200 1  @a义和团运动@AYi He Tuan Yun Dong@f陈旭麓,顾廷龙,汪熙主编@FChen Xu Lu, Gu Ting Long, Wang Xi Zhu Bian@g季平子 ...[等]编
210    @a上海@c上海人民出版社@d2001
215    @a689页, [6]页图版@c摹真@d21cm
225 2  @a盛宣怀档案资料选辑@v7
330    @a本书收集了盛档中有关义和团和八国联军的资料,所收资料,按时间顺序编排;附件则不论时间,置于正件之后。它们绝大部分是第一次刊出,有很高的史料价值。
410  0 @12001 @a盛宣怀档案资料选辑
606 0  @a义和团运动@x档案资料@x汇编
690    @aK256.706.3@v4
701  0 @a顾廷龙@AGu Ting Long@4主编
701  0 @a汪熙@AWang Xi@4主编
701  0 @a陈旭麓@AChen Xu Lu@4主编
702  0 @a季平子@AJi Ping Zi@4编
801  0 @aCN@bFYSX@c20070529
905    @a10447@dK256.706.3@e46
    
    义和团运动/陈旭麓,顾廷龙,汪熙主编/季平子 ...[等]编.-上海:上海人民出版社,2001
    689页, [6]页图版:摹真;21cm.-(盛宣怀档案资料选辑;7)
    
    
    ISBN 7-208-03814-7(精装):CNY49.20
    本书收集了盛档中有关义和团和八国联军的资料,所收资料,按时间顺序编排;附件则不论时间,置于正件之后。它们绝大部分是第一次刊出,有很高的史料价值。
●
相关链接 在E读中查询图书 在五车中查询图书 在当当中查询图书 在豆瓣中查询图书


正题名:义和团运动     索取号:K256.706.3/46         预约/预借

序号 登录号 条形码 馆藏地/架位号 状态 备注
1 0509729   205097296   第二样本阅览室/ [索取号:K256.706.3/46] 在馆    
2 0509730   205097303   第二借阅区/ [索取号:K256.706.3/46] 在馆    
3 0509731   205097312   第二借阅区/ [索取号:K256.706.3/46] 在馆    
4 0509732   205097321   第二借阅区/ [索取号:K256.706.3/46] 在馆    
5 0509733   205097330   第二借阅区/ [索取号:K256.706.3/46] 在馆    
6 0509734   205097349   第二借阅区/ [索取号:K256.706.3/46] 在馆    
7 0509735   205097358   第二借阅区/ [索取号:K256.706.3/46] 在馆    
8 0509736   205097367   第二借阅区/ [索取号:K256.706.3/46] 在馆    
唐山师范学院图书馆 欢迎您!
大连网信软件有限公司© 版权所有